Words of Wisdom: (Record no. 545)

MARC details
000 -LEADER
fixed length control field 00659nam a22001937a 4500
003 - CONTROL NUMBER IDENTIFIER
control field GBCCL
005 - DATE AND TIME OF LATEST TRANSACTION
control field 20241126110340.0
008 - FIXED-LENGTH DATA ELEMENTS--GENERAL INFORMATION
fixed length control field 171206b xxu||||| |||| 00| 0 eng d
040 ## - CATALOGING SOURCE
Transcribing agency gbc
082 ## - DEWEY DECIMAL CLASSIFICATION NUMBER
Classification number 223.2
Item number WOR
245 ## - TITLE STATEMENT
Title Words of Wisdom:
Remainder of title From living Psalms and Proverbs /
Statement of responsibility, etc. Paraphrased by Kenneth N. Taylor; Compiled by George M. Wilson
260 ## - PUBLICATION, DISTRIBUTION, ETC.
Place of publication, distribution, etc. Minneapolis:
Name of publisher, distributor, etc. World Wide Publications,
Date of publication, distribution, etc. 1967.
300 ## - PHYSICAL DESCRIPTION
Extent 296 p. ;
Dimensions 18 cm.
500 ## - GENERAL NOTE
General note Special crusade edition.
500 ## - GENERAL NOTE
General note Includes index.
630 00 - SUBJECT ADDED ENTRY--UNIFORM TITLE
Uniform title Bible.
Name of part/section of a work O.T.
-- Psalms
General subdivision Paraphrases, English.
9 (RLIN) 7380
630 00 - SUBJECT ADDED ENTRY--UNIFORM TITLE
Uniform title Bible.
Name of part/section of a work O.T.
-- Proverbs
General subdivision Paraphrases, English.
9 (RLIN) 7381
942 ## - ADDED ENTRY ELEMENTS (KOHA)
Source of classification or shelving scheme Dewey Decimal Classification
Koha item type Books
Koha issues (borrowed), all copies 2
Holdings
Withdrawn status Lost status Source of classification or shelving scheme Damaged status Not for loan Home library Current Library Shelving location Date acquired Total checkouts Full call number Barcode Date last seen Copy number Price effective from Koha item type Date last checked out
    Dewey Decimal Classification     GRACE BIBLE COLLEGE GRACE BIBLE COLLEGE Biblical Studies 2017-12-06   223.2 WOR 000061 2025-05-01 c.2 2024-11-26 Books  
    Dewey Decimal Classification     GRACE BIBLE COLLEGE GRACE BIBLE COLLEGE Biblical Studies 2017-12-06   223.2 WOR 000058 2025-05-01 c.1 2017-12-06 Books  
    Dewey Decimal Classification     GRACE BIBLE COLLEGE GRACE BIBLE COLLEGE Biblical Studies 2018-07-30 1 223.2 WOR 000132 2025-05-01 c.3 2018-07-30 Books 2023-01-19
    Dewey Decimal Classification     GRACE BIBLE COLLEGE GRACE BIBLE COLLEGE Biblical Studies 2018-08-28 1 223.2 WOR 002916 2025-05-01 c.4 2018-08-28 Books 2023-02-02
© Grace Bible College Library 2025